000 00493nam a2200157 i 4500
001 46615
003 ES-MaACL
005 20230906161422.0
007 t|
008 030331s1929 sp ||||1| spa d
111 2 _aCongreso Nacional de Riegos (
_n4º.
_d1927.
_cBarcelona)
_9560
245 1 0 _aIV Congreso Nacional de Riegos
_b: Barcelona, 1927.
260 _aBarcelona :
_b[s.n.,
_c1929] (
_fImp. Bayer Hermanos y Comp.)
300 _a3 v., 55 lám. ;
_c22 cm.
852 _aES-MaACL
_jB-13648-50
999 _c46615
_d46615